Arms Control (Record no. 14687)

MARC details
000 -LEADER
fixed length control field 00617nam a2200241 a 4500
020 ## - INTERNATIONAL STANDARD BOOK NUMBER
ISBN
082 00 - DEWEY DECIMAL CLASSIFICATION NUMBER
Classification number 327.174
Author Cutter LAR
100 ## - MAIN ENTRY--AUTHOR NAME
Author name Larsen, Jeffrey A
245 ## - TITLE STATEMENT
Title Arms Control
Sub title Cooperative Security in a Changing Environment
260 ## - PUBLICATION, DISTRIBUTION, ETC. (IMPRINT)
Place of publication New Delhi
Name of publisher Viva Books
Year of publication 2005
300 ## - PHYSICAL DESCRIPTION
Number of Pages 412p
500 ## - GENERAL NOTE
General note includes index and biblioraphy
505 2# - FORMATTED CONTENTS NOTE
Formatted contents note Appendix-2,Index
650 ## - SUBJECT ADDED ENTRY--TOPICAL TERM
Topical Term Disarmament
942 ## - ADDED ENTRY ELEMENTS (KOHA)
Koha item type Books
700 1# -
-- Larsen, Jeffrey A
Holdings
Collection code Home library Current library Date acquired Cost, normal purchase price Full call number Accession Number Koha item type
  Henry Martyn Institute Library Henry Martyn Institute Library 03/21/2007 795.00 327.174 LAR 021890 Books
                   Copyright © 2026 | Henry Martyn Institute | Hyderabad | TS-500052 | INDIA | Implemented by hmi.edu.in
Hit-Count:

Powered by Koha